20 Airline logos - Statistics

General Stats
  • This quiz has been taken 147 times
  • The average score is 15 of 20
Answer Stats
Picture Answer % Correct
Lufthansa
88%
Qantas
88%
American airlines
87%
KLM
83%
Qatar Airways
82%
British Airways
80%
Emirates
79%
United airlines
79%
Korean air
78%
Singapore airlines
77%
Air France
75%
Thai airways
75%
South african airways
73%
Japan airlines
72%
Turkish airlines
71%
Air new zealand
70%
Iberia
68%
Southwest airlines
68%
Air China
67%
Mango airlines
56%
No matching quizzes found
Score Distribution
Percent of People with Each Score
Percentile by Number Answered
Your Score History
You have not taken this quiz